[Event "WC-2018-S-00003"]
[Site "LSS email"]
[Date "2018.07.11"]
[Round "?"]
[White "Egorov, Vladimir Al"]
[Black "Lebedev, Aleksandr V"]
[Result "0-1"]
[WhiteElo "2062"]
[BlackElo "2124"]
[PlyCount "122"]
[EventDate "2018.07.15"]
[EventType "tourn (corr)"]
[EventRounds "12"]
[EventCountry "GER"]
[SourceTitle "Corr 2024"]
[Source "ChessBase"]
[SourceDate "2023.10.19"]
[SourceVersion "1"]
[SourceVersionDate "2023.10.19"]
[SourceQuality "1"]

1. d4 d5 2. Nf3 Nf6 3. c4 c6 4. Qc2 dxc4 5. Qxc4 Bf5 6. g3 e6 7. Bg2 Nbd7 8. 0-0 Be7 9. e3 0-0 10. Qe2 Bg6 11. Nc3 b5 12. e4 b4 13. e5 bxc3 14. exf6 cxb2 15. fxe7 bxa1Q 16. exd8Q Rfxd8 17. Bg5 Qc3 18. Bxd8 Rxd8 19. Qe3 Qxe3 20. fxe3 Rb8 21. Rc1 Rb1 22. Rxb1 Bxb1 23. a3 Be4 24. Kf2 Kf8 25. Bf1 Bxf3 26. Kxf3 Ke7 27. Ke4 f5+ 28. Kd3 Nf6 29. Bg2 Kd6 30. Bf3 Ng4 31. h4 g6 32. Ke2 e5 33. dxe5+ Nxe5 34. Bg2 Kc5 35. Kd2 Nc4+ 36. Kd3 Nxa3 37. e4 Nc4 38. exf5 gxf5 39. Bh3 Nd6 40. g4 fxg4 41. Bxg4 Kb4 42. Kd4 c5+ 43. Kd5 a5 44. Kxd6 c4 45. Bf5 h6 46. Ke6 a4 47. Kf6 a3 48. Bb1 c3 49. Kg6 Kb3 50. Kxh6 c2 51. Bxc2+ Kxc2 52. h5 a2 53. Kg6 a1Q 54. h6 Qh8 55. Kf5 Qxh6 56. Ke4 Qg5 57. Kd4 Qf5 58. Kc4 Qe5 59. Kb4 Qd5 60. Ka4 Kc3 61. Ka3 Qa5# 0-1

[Event "WC-2018-S-00003"]
[Site "LSS email"]
[Date "2018.07.11"]
[Round "?"]
[White "Lebedev, Aleksandr V"]
[Black "Kolanek, Roman"]
[Result "1-0"]
[WhiteElo "2124"]
[BlackElo "2140"]
[PlyCount "143"]
[EventDate "2018.07.15"]
[EventType "tourn (corr)"]
[EventRounds "12"]
[EventCountry "GER"]
[SourceTitle "Corr 2024"]
[Source "ChessBase"]
[SourceDate "2023.10.19"]
[SourceVersion "1"]
[SourceVersionDate "2023.10.19"]
[SourceQuality "1"]

1. Nf3 d5 2. d4 Nf6 3. c4 e6 4. Nc3 Nbd7 5. Bg5 h6 6. Bh4 c6 7. e3 Be7 8. Bd3 0-0 9. Rc1 dxc4 10. Bxc4 b5 11. Bd3 a6 12. a4 Bb7 13. 0-0 Re8 14. Qe2 Qa5 15. axb5 cxb5 16. h3 Rac8 17. Bg3 Red8 18. e4 Nf8 19. Bf4 Ng6 20. Be3 Qb4 21. Rfd1 Nd7 22. Bb1 Nb6 23. Na2 Qa5 24. Nd2 Nd7 25. Nc3 Bg5 26. Bxg5 hxg5 27. g3 Qb6 28. Nb3 Rc4 29. Qe3 Rdc8 30. Ba2 Ngf8 31. Nc5 Rb4 32. Nxb7 Qxb7 33. b3 Nh7 34. e5 a5 35. Nb1 Rxc1 36. Rxc1 g4 37. h4 Qd5 38. Rd1 Nhf8 39. Na3 Ng6 40. Qd2 Rxb3 41. Qc2 a4 42. Bxb3 axb3 43. Qd3 b4 44. Nc4 b2 45. Nxb2 Ne7 46. Nc4 Nf5 47. Ne3 Nxe3 48. Qxe3 Nb6 49. h5 Qa8 50. Rb1 Nd5 51. Qg5 Qa2 52. Rc1 Qa8 53. Qxg4 Nc3 54. h6 g6 55. Kh2 Kh7 56. Qf4 Qg8 57. Qf6 Nd5 58. Qg7+ Qxg7 59. hxg7 g5 60. g8R Kxg8 61. Kh3 Kg7 62. Kg4 Kg6 63. Rc8 Nc3 64. Rg8+ Kh6 65. Kf3 Kh7 66. Rb8 Nd5 67. Rb7 Kg7 68. g4 Kg8 69. Ke4 Kf8 70. Kd3 Kg8 71. f3 Kf8 72. Kc4 1-0

[Event "WC-2018-S-00003"]
[Site "LSS email"]
[Date "2018.07.11"]
[Round "?"]
[White "Lebedev, Aleksandr V"]
[Black "Pilgram, Kurt"]
[Result "1-0"]
[WhiteElo "2124"]
[BlackElo "2114"]
[PlyCount "99"]
[EventDate "2018.07.15"]
[EventType "tourn (corr)"]
[EventRounds "12"]
[EventCountry "GER"]
[SourceTitle "Corr 2024"]
[Source "ChessBase"]
[SourceDate "2023.10.19"]
[SourceVersion "1"]
[SourceVersionDate "2023.10.19"]
[SourceQuality "1"]

1. Nf3 d5 2. d4 Nf6 3. c4 e6 4. Nc3 c6 5. Bg5 dxc4 6. e4 b5 7. e5 h6 8. Bh4 g5 9. Nxg5 hxg5 10. Bxg5 Nbd7 11. g3 Rg8 12. h4 Rxg5 13. hxg5 Nd5 14. g6 fxg6 15. Qg4 Qe7 16. Bg2 N7b6 17. Qxg6+ Qf7 18. Qxf7+ Kxf7 19. Ne4 Bg7 20. Rh5 Bd7 21. Kd2 Ne7 22. Nd6+ Kf8 23. Rah1 Be8 24. Rg5 Rd8 25. Nxe8 Rxe8 26. g4 Kg8 27. f4 Rf8 28. Rf1 Kf7 29. Ke2 Ned5 30. f5 exf5 31. gxf5 Rh8 32. f6 Bf8 33. Be4 Rh6 34. Bf5 Nc7 35. Bg4 Ne6 36. Bh5+ Rxh5 37. Rxh5 Nxd4+ 38. Ke3 Ne6 39. Rh7+ Kg6 40. Rxa7 Bb4 41. f7 Nd5+ 42. Ke2 Bc5 43. Rb7 Ndf4+ 44. Kd2 Kg7 45. Rd7 Kh6 46. Ra7 Kg7 47. Ra6 Bb4+ 48. Kd1 Kxf7 49. Rxc6 Ke7 50. a3 1-0

[Event "WC-2018-S-00003"]
[Site "LSS email"]
[Date "2018.07.11"]
[Round "?"]
[White "Lebedev, Aleksandr V"]
[Black "Van Bommel, Ton"]
[Result "1/2-1/2"]
[WhiteElo "2124"]
[BlackElo "2154"]
[PlyCount "72"]
[EventDate "2018.07.15"]
[EventType "tourn (corr)"]
[EventRounds "12"]
[EventCountry "GER"]
[SourceTitle "Corr 2024"]
[Source "ChessBase"]
[SourceDate "2023.10.19"]
[SourceVersion "1"]
[SourceVersionDate "2023.10.19"]
[SourceQuality "1"]

1. Nf3 d5 2. d4 Nf6 3. c4 c6 4. Nc3 e6 5. Bg5 h6 6. Bh4 dxc4 7. e4 g5 8. Bg3 b5 9. Be2 Bb7 10. h4 g4 11. Ne5 Nbd7 12. Nxd7 Qxd7 13. Be5 Qe7 14. b3 Rg8 15. Qc2 Nd7 16. Bg3 b4 17. Na4 c3 18. a3 a5 19. 0-0 h5 20. e5 Rg6 21. Bd3 Rg7 22. Rfd1 Qd8 23. Be4 Rg8 24. Nc5 Qc8 25. Nd3 Nb6 26. Bf4 Nd5 27. Bg5 Kd7 28. Ra2 Qc7 29. Rda1 bxa3 30. Bxd5 cxd5 31. Rxa3 Ba6 32. R3a2 Rh8 33. Nf4 Bb4 34. Bf6 Rhb8 35. Rc1 Bb5 36. Nxh5 Qb6 1/2-1/2

[Event "WC-2018-S-00003"]
[Site "LSS email"]
[Date "2018.07.11"]
[Round "?"]
[White "Tylecek, Drahomir"]
[Black "Lebedev, Aleksandr V"]
[Result "1/2-1/2"]
[WhiteElo "2153"]
[BlackElo "2124"]
[PlyCount "44"]
[EventDate "2018.07.15"]
[EventType "tourn (corr)"]
[EventRounds "12"]
[EventCountry "GER"]
[SourceTitle "Corr 2024"]
[Source "ChessBase"]
[SourceDate "2023.10.19"]
[SourceVersion "1"]
[SourceVersionDate "2023.10.19"]
[SourceQuality "1"]

1. e4 e5 2. Nf3 Nc6 3. Bb5 Nf6 4. d3 Bc5 5. Bxc6 dxc6 6. 0-0 Qe7 7. h3 0-0 8. Bg5 Qe6 9. Nbd2 h6 10. Be3 Bd6 11. a4 Re8 12. b3 Nh7 13. Nc4 Nf8 14. Re1 b6 15. a5 Bd7 16. Nxd6 Qxd6 17. Nh4 Qf6 18. Qh5 Ne6 19. Nf3 Nf4 20. Bxf4 Qxf4 21. Qh4 c5 22. Qxf4 exf4 1/2-1/2